Principios estéticos en la odontología restaurativa (Registro nro. 543)
[ vista simple ]
| 000 -CABECERA | |
|---|---|
| campo de control de longitud fija | 00582aam a2200217 i 4500 |
| 005 - FECHA Y HORA DE ACTUALIZACIÓN | |
| campo de control | 20160906133419.0 |
| 008 - LONGITUD FIJA | |
| campo de control de longitud fija | 150810b xxu||||| |||| 00| 0 spa d |
| 041 ## - IDIOMA | |
| Código de idioma del texto/pista de sonido o título separado | |
| 082 ## - CLASIFICACIÓN DECIMAL DEWEY | |
| Número de clasificación | 617.69 S333p |
| 100 ## - AUTOR PERSONAL | |
| Nombre de persona | Schorer, Peter |
| 100 ## - AUTOR PERSONAL | |
| Nombre de persona | Rinn, Ludwig |
| 100 ## - AUTOR PERSONAL | |
| Nombre de persona | Kopp, Fritz |
| 245 ## - TÍTULO PROPIAMENTE DICHO | |
| Título | Principios estéticos en la odontología restaurativa |
| 260 ## - PIE DE IMPRENTA | |
| Lugar de publicación, distribución, etc. | España |
| 260 ## - PIE DE IMPRENTA | |
| Nombre del editor, distribuidor, etc. | Ediciones Doyma |
| 260 ## - PIE DE IMPRENTA | |
| Fecha de publicación, distribución, etc. | 1991 |
| 300 ## - DESCRIPCIÓN FÍSICA | |
| Extensión | 235 páginas |
| 650 ## - Materia General | |
| Materia general | ODONTOLOGÍA RESTAURATIVA |
| 650 ## - Materia General | |
| Materia general | PRÓTESIS DENTAL |
| 942 ## - Punto de Acceso Adicional Koha | |
| Tipo de ítem Koha | Libro |
| Estado perdido | Estado dañado | No para préstamo | Biblioteca permanente | Biblioteca actual | Signatura completa | Código de barras | Precio efectivo a partir del | Tipo de ítem |
|---|---|---|---|---|---|---|---|---|
| Departamento de Biblioteca y Documentación Alfonso Chase Brenes | Departamento de Biblioteca y Documentación Alfonso Chase Brenes | 617.69 S333p | 2591 | 06/09/2016 | Libro | |||
| Departamento de Biblioteca y Documentación Alfonso Chase Brenes | Departamento de Biblioteca y Documentación Alfonso Chase Brenes | 617.69 S333p | 5876 | 06/09/2016 | Libro |